00481nam a2200193 a 4500001001300000003000900013005001700022008004100039020001000080082001600090100001700106245002700123260004200150300000700192500003500199505001000234650002600244700001700270nice12345678IN_TiNIC20260116012849.0050524s0000 hyda grp 000 0 urd  ac10000a297.81bZAH aZahed, Abbas aMawiya Ka Amaal Namah. aHyderabadbDaira Electric Pressc0000 a9p aincludes index and biblioraphy2 aIndex aIslam-Sects-Conflicts1 aZahed, Abbas